Normal view
MARC view
- Murmis, Miguel
Entry Nombre Personal
001 - NUMERO DE CONTROL
- campo de control: 48693
003 - IDENTIFICADOR DE NUMERO DE CONTROL
- campo de control: DLC
005 - FECHA Y HORA DE LA ÜLTIMA TRANSACCIÓN
- campo de control: 20230516104505.0
008 - DATOS DE LONGITUD FIJA
- campo de control de longitud fija: 841121n| acannaabn |n aaa
010 ## - NÚMERO DE CONTROL DE LA BIBLIOTECA DEL CONGRESO
- Número de control LC: n 84135255
035 ## - NUMERO DE CONTROL
- Número de control: (OCoLC)oca01219025
040 ## - FUENTE DE CATALOGACIÓN
- Agencia original de catalogación: DLC
- Lenguaje de catalogación: spa
- Agencia de transcripción: DLC
- Agencia que lo modifica: DLC
- Agencia que lo modifica: OCoLC
- Agencia que lo modifica: MX-MxUPN
100 1# - ENCABEZAMIENTO - NOMBRE PERSONAL
- Nombre personal: Murmis, Miguel
670 ## - FUENTE EN LA QUE SE LOCALIZARON DATOS
- Cita de la fuente: Rural poverty and agrarian reform, 1982:
- Información localizada: portada (Miguel Murmis) página 377 (taught at univ. in Latin America; teaches socio at Univ. of Toronto, Canada)
670 ## - FUENTE EN LA QUE SE LOCALIZARON DATOS
- Cita de la fuente: LC data base, 11-7-84
- Información localizada: (hdg.: Murmis, Miguel)
902 ## - CATALOGADOR
- Catalogador: NDAF/160523
